01445nam a22003614a 4500001001200000003000800012006001900020007001500039008004100054010001700095020002800112040002100140035002000161050002300181082001400204245011200218260003900330300001500369490007800384504006600462533015200528650002100680650003400701650001700735650002200752655002900774700002700803700002600830710001700856830006700873856012600940999001701066ebr10020844CaPaEBRm u cr cn|||||||||000926s2001 ctu sb 001 0 eng  z 00049179  z0275971430 (alk. paper) aCaPaEBRcCaPaEBR a(OCoLC)7076362714aGN496b.E89 2001eb04a305.822100aEvolutionary theory and ethnic conflicth[electronic resource] /cedited by Patrick James and David Goetze. aWestport, Conn. :bPraeger,c2001. axi, 273 p.1 aPraeger studies on ethnic and national identities in politics,x1527-9901 aIncludes bibliographical references (p. [234]-365) and index. aElectronic reproduction.bPalo Alto, Calif. :cebrary,d2013.nAvailable via World Wide Web.nAccess may be limited to ebrary affiliated libraries. 0aEthnic conflict. 0aEthnicityxPolitical aspects. 0aNationalism. 0aSocial evolution. 7aElectronic books.2local1 aJames, Patrick,d1957-1 aGoetze, David,d1949-2 aebrary, Inc. 0aPraeger studies on ethnic and national identities in politics.40uhttp://site.ebrary.com/lib/rucke/Doc?id=10020844zAn electronic book accessible through the World Wide Web; click to view c24229d24229